Ernst Cassirer (Record no. 124187)
[ view plain ]
| 000 -LEADER | |
|---|---|
| fixed length control field | 00916cam a2200313 a 4500 |
| 001 - CONTROL NUMBER | |
| control field | 11339147 |
| 003 - CONTROL NUMBER IDENTIFIER | |
| control field | ARRUPE |
| 005 - DATE AND TIME OF LATEST TRANSACTION | |
| control field | 20160216093911.0 |
| 006 - FIXED-LENGTH DATA ELEMENTS--ADDITIONAL MATERIAL CHARACTERISTICS--GENERAL INFORMATION | |
| fixed length control field | m u |
| 007 - PHYSICAL DESCRIPTION FIXED FIELD--GENERAL INFORMATION | |
| fixed length control field | cr cn||||||||| |
| 008 - FIXED-LENGTH DATA ELEMENTS--GENERAL INFORMATION | |
| fixed length control field | 080219s2008 nju sb 001 0beng d |
| 010 ## - LIBRARY OF CONGRESS CONTROL NUMBER | |
| Canceled/invalid LC control number | 2008007127 |
| 020 ## - INTERNATIONAL STANDARD BOOK NUMBER | |
| Cancelled/invalid ISBN | 9780691131344 (hardcover : alk. paper) |
| 020 ## - INTERNATIONAL STANDARD BOOK NUMBER | |
| Cancelled/invalid ISBN | 9780691152356 |
| 020 ## - INTERNATIONAL STANDARD BOOK NUMBER | |
| Cancelled/invalid ISBN | 9781400828944 (e-book) |
| 035 ## - SYSTEM CONTROL NUMBER | |
| System control number | (CaPaEBR)ebr10492891 |
| 035 ## - SYSTEM CONTROL NUMBER | |
| System control number | (NNC)11339147 |
| 040 ## - CATALOGING SOURCE | |
| Original cataloging agency | CaPaEBR |
| Transcribing agency | CaPaEBR |
| 050 14 - LIBRARY OF CONGRESS CALL NUMBER | |
| Classification number | B3216.C34 |
| Item number | S55 2008eb |
| 082 04 - DEWEY DECIMAL CLASSIFICATION NUMBER | |
| Classification number | 193 |
| Edition number | 22 |
| 100 1# - MAIN ENTRY--PERSONAL NAME | |
| Personal name | Skidelsky, Edward. |
| 9 (RLIN) | 22334 |
| 245 10 - TITLE STATEMENT | |
| Title | Ernst Cassirer |
| Remainder of title | the last philosopher of culture / |
| Statement of responsibility, etc | Edward Skidelsky. |
| 260 ## - PUBLICATION, DISTRIBUTION, ETC. (IMPRINT) | |
| Place of publication, distribution, etc | Princeton : |
| Name of publisher, distributor, etc | Princeton University Press, |
| Date of publication, distribution, etc | c2009. |
| 300 ## - PHYSICAL DESCRIPTION | |
| Extent | viii, 288 p. |
| 533 ## - REPRODUCTION NOTE | |
| Type of reproduction | <br/> |
| Place of reproduction | <br/> |
| Agency responsible for reproduction | <br/> |
| Date of reproduction | <br/> |
| Note about reproduction | <br/> |
| -- | <br/> |
| 600 10 - SUBJECT ADDED ENTRY--PERSONAL NAME | |
| Personal name | Cassirer, Ernst, |
| Dates associated with a name | 1874-1945. |
| 9 (RLIN) | 20247 |
| 942 ## - ADDED ENTRY ELEMENTS (KOHA) | |
| Source of classification or shelving scheme | Library of Congress Classification |
| Koha item type | Monograph ( Printed materials) |
| Withdrawn status | Lost status | Source of classification or shelving scheme | Damaged status | Not for loan | Collection code | Home library | Current library | Shelving location | Date acquired | Total Checkouts | Full call number | Barcode | Date last seen | Price effective from | Koha item type |
|---|---|---|---|---|---|---|---|---|---|---|---|---|---|---|---|
| Library of Congress Classification | Main Collection | ARRUPE LIBRARY | ARRUPE LIBRARY | Main Collection | 16/02/2016 | B3216.C34 S55 2009 | 46500006230 | 16/02/2016 | 16/02/2016 | Monograph ( Printed materials) |